000 01113cam a22003377a 4500
003 CHAP
005 20220329142607.0
008 010926d2000 mx r 00110 spa d
010 _a85422
011 _a86394
020 _a0 7514 0019 X
035 _a96932
040 _cCHAP
082 0 4 _a580.12
_bQ8
100 0 0 _aQuicke, Donald L. J.
_993298
245 1 0 _aPrinciples and techniques of contemporary taxonomy
_c/by Donald L. J. Quicke
260 _aLondon :
_bBlackie Academic & Professional,
_c1993.
300 _a311 p. :
_bilus.
490 0 _aTertiary level biology
590 _aBATCH-UPD
_b10
_c20130110
_lUCH01
_h0024
590 _aBATCH-UPD
_b10
_c20130110
_lUCH01
_h1730
590 _aBATCH-UPD
_b10
_c20130410
_lUCH01
_h1111
590 _aBATCH-UPD
_b10
_c20130914
_lUCH01
_h0635
590 _aCONVERSION
_b10
_c20130109
_lUCH01
_h1347
650 1 4 _aBiología
_xClasificación.
_912778
830 0 _aTertiary level biology
_9112450
901 _aBK
905 _aAlejandra Carrasco M.
942 _cLIBRO
949 _a580.12 Q8
_bBC
_cLIBRO
_d33724000861936
_eLIBRO
_h102186
_i96932
_kI.213411
_si
_t$ 1 516.00
999 _c85422
_d85422